| 000 | 00349nam a2200133Ia 4500 | ||
|---|---|---|---|
| 008 | 191201s2004 xx 000 0 und d | ||
| 082 |
_a658.562 _bLAT |
||
| 100 | _aLAL, H | ||
| 245 | 0 | _aTotal Quality Management: A Practical Approach | |
| 260 |
_aN.Delhi _bNew Age International Pub _c2004 |
||
| 300 | _a237 | ||
| 650 | _aB.Tech(ME) | ||
| 942 |
_2ddc _cBK |
||
| 999 |
_c1555 _d1555 |
||